Sustainable forestry challenges for developing (Record no. 4026)

MARC details
000 -LEADER
fixed length control field 00425nam a2200133 4500
020 ## - INTERNATIONAL STANDARD BOOK NUMBER
International Standard Book Number 0792337387
082 ## - DEWEY DECIMAL CLASSIFICATION NUMBER
Classification number 333.7
Item number PAL
245 ## - TITLE STATEMENT
Title Sustainable forestry challenges for developing
Statement of responsibility, etc. eidted by Matti Palo and Gerardo Mery
260 ## - PUBLICATION, DISTRIBUTION, ETC.
Place of publication, distribution, etc. Boston
Name of publisher, distributor, etc. Kluwer Academic Publishers
Date of publication, distribution, etc. c1996
300 ## - PHYSICAL DESCRIPTION
Extent [8],388p.:ill.; 24cm.-
490 ## - SERIES STATEMENT
Series statement Environmental science and technology, no.10.
710 ## - ADDED ENTRY--CORPORATE NAME
Corporate name or jurisdiction name as entry element Palo, Matti
710 ## - ADDED ENTRY--CORPORATE NAME
Corporate name or jurisdiction name as entry element Mery, Gerardo
Holdings
Withdrawn status Lost status Damaged status Not for loan Collection code Home library Current library Date acquired Total Checkouts Full call number Barcode Date last seen Price effective from Koha item type
        GEOGRAPHY & YAMUNACHARYA North Eastern Hill University North Eastern Hill University 24/11/2011   333.7 PAL B6092 24/11/2011 24/11/2011 Books